| 000 | 02084cam a22004574i 4500 | ||
|---|---|---|---|
| 003 | PE-LiUPU | ||
| 005 | 20250731165537.0 | ||
| 008 | 150625s r 000 0 d | ||
| 035 | _a(Sirsi) a32312 | ||
| 035 | _a(Sirsi) a32312 | ||
| 040 |
_aPE-LiUPU _bspa _cPE-LiUPU _erda |
||
| 082 | 0 | 4 |
_a109 _bF57 _221 |
| 100 | 1 |
_aFischl, Johan, _eautor. |
|
| 245 | 1 | 0 | _aManual de historia de la filosofía. |
| 264 | 1 |
_aCochabamba : _bColor graf Rodriguez, _c1995. |
|
| 300 |
_a306 páginas ; _c24.5 cm. |
||
| 336 |
_atext _2rdacontent |
||
| 337 |
_aunmediated _2rdamedia |
||
| 338 |
_avolume _2rdacarrier |
||
| 505 | 0 | _aEl mundo actual y los medios de comunicacion. -El poder de los tiempos de comunicacion. -Comunicacion "versus" incomunicacion. -Esquemas de analisis. -La prensa. -La radio. -El mundo de la imagen. -La television y su impacto sobre el televidente. -La television: interrogantes y cuestionamientos. -Las telenovelas. -El video y el cine. -Los dibujos animados y las tiras comicas. -La T.V. y la publicidad. -La television y la Educación. -La television y la familia. Esquemas de analisis. -Propuestas metodologicas. -La etica y los medios de comunicacion. -Hacia un nuevo orden informativo internacional. -Esquema de Analisis. | |
| 526 | _aSEG44 | ||
| 526 | _aSEG26 | ||
| 526 | _aP151 | ||
| 526 | _aP150 | ||
| 526 | _aP149 | ||
| 526 | _aP146 | ||
| 526 | _aP145 | ||
| 526 | _aP126 | ||
| 526 | _aP125 | ||
| 526 | _aP92 | ||
| 526 | _aP75 | ||
| 526 | _aP74 | ||
| 526 | _aP27 | ||
| 526 | _aP15 | ||
| 942 |
_2ddc _cBOOK |
||
| 949 |
_aRC 109 F57 _wDEWEY _c1 _i38533 _lRC _mBUL _r0 _sY _tBOOK _u2015-6-25 _xBIBLIOTECA _zUNKNOWN _0COMPRA _o.CIRCNOTE. No olvidar cambiar la fecha de devolución!!!!!!! _o.STAFF. Colección General |
||
| 994 |
_aC0 _bPEPRU |
||
| 596 | _a1 | ||
| 999 |
_aRC 109 F57 _wDEWEY _c39951 _i38533 _d39951 _e2018-5-29 _f2021-11-8 _g5 _lRCG _mBUL _n6 _r1 _sY _tBOOK _u2015-6-25 _xBIBLIOTECA _zUNKNOWN _0COMPRA _o.CIRCNOTE. No olvidar cambiar la fecha de devolución!!!!!!! _o.STAFF. Colección General |
||
| 980 |
_81 _gALBERTO SANCHEZ Responsable de Automatización |
||